Catalog

Record Details

Catalog Search



Little Otter's big journey  Cover Image Book Book

Little Otter's big journey / David Bedford ; illustrated by Susan Winter.

Bedford, David, 1969- (Author). Winter, Susan. (Added Author).

Summary:

Afraid to dive into the big blue sea with his mother to look for food, Little Otter drifts further and further from shore, and everyone he meets leaves him alone when they go to find help.

Record details

  • Physical Description: 1 v. (unpaged) : color illustrations ; 27 cm.
  • Publisher: Intercourse, PA : Good Books, c2006.
Subject: Missing children > Fiction.
Fear > Fiction.
Mother and child > Fiction.
Marine animals > Fiction.
Otters > Fiction.

Available copies

  • 1 of 1 copy available at scottsboropl.

Holds

  • 0 current holds with 1 total copy.
Show Only Available Copies
Location Call Number / Copy Notes Barcode Shelving Location Status Due Date
scottsboropl E Bed 32269000764608 Juvenile - Easy Available -

LDR 01168cam a22003138a 4500
001128911
003CONS
00520140703073304.0
008060306s2006 pau a 000 1 eng
010 . ‡a 2006005443
0248 . ‡z9781561485482 (hardcover)
035 . ‡a(CPomAG)LMN498206
042 . ‡alcac
05000. ‡aPZ7.B3817995 ‡bLit 2006
08200. ‡a[E] ‡222
1001 . ‡aBedford, David, ‡d1969-
24510. ‡aLittle Otter's big journey / ‡cDavid Bedford ; illustrated by Susan Winter.
260 . ‡aIntercourse, PA : ‡bGood Books, ‡cc2006.
300 . ‡a1 v. (unpaged) : ‡bcolor illustrations ; ‡c27 cm.
520 . ‡aAfraid to dive into the big blue sea with his mother to look for food, Little Otter drifts further and further from shore, and everyone he meets leaves him alone when they go to find help.
650 0. ‡aMissing children ‡vFiction.
650 1. ‡aFear ‡vFiction.
650 1. ‡aMother and child ‡vFiction.
650 1. ‡aMarine animals ‡vFiction.
650 1. ‡aOtters ‡vFiction.
7001 . ‡aWinter, Susan.
914 . ‡aScp_ds
959 . ‡i32269000764608 ‡lE Bed ‡aJuvenile - Easy ‡tEasy ‡g16.00
852 . ‡p32269000764608 ‡jE Bed ‡gJuvenile - Easy ‡cEasy ‡y16.00 ‡bSBPL
901 . ‡a128911 ‡bUnknown ‡c128911 ‡tbiblio

Additional Resources